Ako viesť analytickú evidenciu v podvojnom účtovníctve podnikateľov

Účtovníctvo podniku ako najucelenejší ekonomický informačný systém. Analytická evidencia a jej úloha v účtovníctve. Základné zásady analytickej evidencie. Organizácia analytickej evidencie. Súvahové účty. Výsledkové účty. Príklady.

Enregistré dans:
Détails bibliographiques
Auteur principal: Šlosár, Rudolf
Autres auteurs: Šlosárová, Anna
Format: Chapitre de livre
Langue:slovaque
Sujets:
Tags: Ajouter un tag
Pas de tags, Soyez le premier à ajouter un tag!

MARC

LEADER 00000naa a2200000 4500
001 r034498
005 20231002071507.2
041 0 |a slo 
044 |a SK 
245 1 0 |a Ako viesť analytickú evidenciu v podvojnom účtovníctve podnikateľov  |c Rudolf Šlosár, Anna Šlosárová 
520 |a Účtovníctvo podniku ako najucelenejší ekonomický informačný systém. Analytická evidencia a jej úloha v účtovníctve. Základné zásady analytickej evidencie. Organizácia analytickej evidencie. Súvahové účty. Výsledkové účty. Príklady. 
610 2 0 |a účtovníctvo podvojné 
610 2 0 |a evidencia analytická 
610 2 0 |a podnikatelia 
610 2 0 |a súvaha 
610 2 0 |a účty súvahové 
610 2 0 |a účty analytické 
610 2 0 |a účty výsledkové 
610 2 0 |a účty syntetické 
610 2 0 |a jednotka účtovná 
100 1 |a Šlosár, Rudolf 
700 1 |a Šlosárová, Anna